000 00580cam a2200157 a 4500
020 _z0763718432
050 1 4 _aQA76.9.M35
_bH44 2002b
100 1 _aHein, James L.
245 1 0 _aDiscrete structures, logic, and computability, second edition
_h[electronic resource] /
_cJames L. Hein.
250 _a2nd ed.
260 _aSudbury, Mass. :
_bJones and Bartlett Publishers,
_cc2002
_e(Norwood, Mass. :
_fBooks24x7.com [generator])
500 _aTitle from title screen.
650 0 _xMathematics.
856 4 0 _uhttp://www.columbia.edu/cgi-bin/cul/resolve?clio3362841
942 _2lcc
_cGEN
999 _c11680
_d11680